[Event "Bratto op 31st"]
[Site "Bratto"]
[Date "2011.08.28"]
[Round "9"]
[White "Osuna Munoz, Xavier"]
[Black "Bresciani, Nicola"]
[Result "1/2-1/2"]
[WhiteElo "2104"]
[BlackElo "2287"]
[PlyCount "97"]
[EventDate "2011.08.20"]
[EventType "swiss"]
[EventRounds "9"]
[EventCountry "ITA"]
[SourceTitle "EXT 2022"]
[Source "ChessBase"]
[SourceDate "2021.10.06"]
[SourceVersion "1"]
[SourceVersionDate "2021.10.06"]
[SourceQuality "1"]

1. e4 c5 2. Nc3 Nc6 3. Bb5 Nd4 4. Bc4 g6 5. Nge2 Bg7 6. Nxd4 cxd4 7. Qf3 Nh6 8. Ne2 0-0 9. h4 Ng4 10. Bb3 h5 11. d3 a5 12. a4 d6 13. Qg3 Kh7 14. f3 Nh6 15. Nf4 e6 16. Bd2 Qc7 17. Nh3 Bd7 18. Ng5+ Kg8 19. 0-0 Rae8 20. f4 Ng4 21. Nh3 Bh6 22. Rad1 Qc5 23. Qe1 b6 24. Rf3 Bc6 25. Nf2 Nf6 26. Rg3 Kh7 27. Kh1 d5 28. e5 Ng8 29. c3 dxc3 30. bxc3 Qa3 31. Rb1 Rb8 32. Bc1 Qe7 33. Rh3 Qa7 34. Qd1 f5 35. d4 Rfc8 36. Nd3 Bf8 37. Be3 Nh6 38. Rf3 Qd7 39. g3 Bb7 40. Bd2 Ba6 41. Nf2 b5 42. Ra1 Ra8 43. axb5 Bxb5 44. Ba4 Rcb8 45. Re3 Bxa4 46. Qxa4 Qxa4 47. Rxa4 Rb2 48. Be1 Rc2 49. Kg1 1/2-1/2

[Event "Bratto op 31st"]
[Site "Bratto"]
[Date "2011.08.23"]
[Round "4"]
[White "Osuna Munoz, Xavier"]
[Black "Iasman, Inna"]
[Result "1/2-1/2"]
[WhiteElo "2104"]
[BlackElo "2014"]
[PlyCount "22"]
[EventDate "2011.08.20"]
[EventType "swiss"]
[EventRounds "9"]
[EventCountry "ITA"]
[SourceTitle "EXT 2022"]
[Source "ChessBase"]
[SourceDate "2021.10.06"]
[SourceVersion "1"]
[SourceVersionDate "2021.10.06"]
[SourceQuality "1"]

1. e4 c6 2. d4 d5 3. exd5 cxd5 4. Bd3 Nf6 5. Bf4 Qb6 6. Bc1 Nc6 7. c3 Bg4 8. f3 Bh5 9. Qe2 e6 10. Nh3 Bg6 11. Nf4 Bxd3 1/2-1/2

[Event "Bratto op-A 28th"]
[Site "Bratto"]
[Date "2008.08.25"]
[Round "4"]
[White "Osuna Munoz, Xavier"]
[Black "Manfredi, Vincenzo"]
[Result "1/2-1/2"]
[WhiteElo "2093"]
[BlackElo "2204"]
[PlyCount "107"]
[EventDate "2008.08.22"]
[EventType "swiss"]
[EventRounds "9"]
[EventCountry "ITA"]
[SourceTitle "CBM 126 Extra"]
[Source "ChessBase"]
[SourceDate "2008.11.05"]
[SourceVersion "1"]
[SourceVersionDate "2008.11.05"]
[SourceQuality "1"]

1. e4 c5 2. Nc3 e6 3. g3 d5 4. Bg2 Nf6 5. d3 dxe4 6. Nxe4 Nxe4 7. Bxe4 Nd7 8. Bg2 Bd6 9. Nf3 0-0 10. Qe2 Qb6 11. 0-0 Nf6 12. Ne5 Qd8 13. Nc4 Be7 14. a4 Nd5 15. a5 Qc7 16. h4 Re8 17. h5 Bd7 18. Ne5 Rad8 19. Re1 Bc8 20. h6 g6 21. Qf3 f6 22. Ng4 Rf8 23. b3 e5 24. Bb2 Nb4 25. Re2 Bd7 26. Rd2 Qc8 27. Ne3 Bc6 28. Qe2 Bxg2 29. Nxg2 Nc6 30. c3 Qe6 31. Qd1 f5 32. d4 cxd4 33. cxd4 exd4 34. Nf4 Qf7 35. Re2 Rfe8 36. a6 Bg5 37. Rxe8+ Rxe8 38. axb7 Qxb7 39. Qf3 Re4 40. Nd3 Qxb3 41. Bc1 Be7 42. Kg2 a5 43. Bf4 a4 44. g4 Re6 45. gxf5 gxf5 46. Bg3 Rxh6 47. Qxf5 Qe6 48. Qxe6+ Rxe6 49. Rxa4 Bd6 50. Bxd6 Rxd6 51. Kf3 Kf7 52. Ke4 Kf6 53. f4 Nd8 54. Rxd4 1/2-1/2

[Event "Bratto op 25th"]
[Site "Bratto"]
[Date "2005.08.25"]
[Round "6"]
[White "Osuna Munoz, Xavier"]
[Black "Buono, Michele"]
[Result "1-0"]
[WhiteElo "2094"]
[BlackElo "2133"]
[PlyCount "105"]
[EventDate "2005.08.20"]
[EventType "swiss"]
[EventRounds "9"]
[EventCountry "ITA"]
[SourceTitle "CBM 108 Extra"]
[Source "ChessBase"]
[SourceDate "2005.11.04"]
[SourceVersion "1"]
[SourceVersionDate "2005.11.04"]
[SourceQuality "1"]

1. e4 g6 2. Nc3 Bg7 3. d3 d6 4. g3 c5 5. Bg2 Nc6 6. Nge2 Nf6 7. 0-0 a6 8. h3 0-0 9. f4 Qc7 10. g4 e6 11. Ng3 Ne8 12. f5 Be5 13. Nce2 Nd4 14. Nf4 Qe7 15. c3 Nc6 16. Nfe2 gxf5 17. exf5 exf5 18. Nxf5 Bxf5 19. Rxf5 Ng7 20. Rf2 Qh4 21. Bf4 Ne6 22. Bxe5 Nxe5 23. Nf4 Nxf4 24. Rxf4 Qg3 25. Qd2 Rae8 26. d4 cxd4 27. cxd4 Nd3 28. Rf3 Re1+ 29. Qxe1 Qxe1+ 30. Rxe1 Nxe1 31. Rb3 Nxg2 32. Kxg2 b5 33. Ra3 Ra8 34. Kf3 Kg7 35. Ke4 Kf6 36. Kd5 Ke7 37. Re3+ Kd7 38. Rf3 Ke7 39. Rc3 Ra7 40. Rc6 a5 41. Rxd6 b4 42. Rb6 Rd7+ 43. Kc5 Rc7+ 44. Rc6 Rb7 45. d5 Kd7 46. d6 b3 47. a3 f6 48. Rc7+ Rxc7+ 49. dxc7 Kxc7 50. Kb5 Kd6 51. Kxa5 Ke5 52. Kb4 Kf4 53. a4 1-0

[Event "Bratto op 25th"]
[Site "Bratto"]
[Date "2005.08.24"]
[Round "5"]
[White "Piantoni, Roberto"]
[Black "Osuna Munoz, Xavier"]
[Result "1/2-1/2"]
[WhiteElo "2186"]
[BlackElo "2094"]
[PlyCount "81"]
[EventDate "2005.08.20"]
[EventType "swiss"]
[EventRounds "9"]
[EventCountry "ITA"]
[SourceTitle "CBM 108 Extra"]
[Source "ChessBase"]
[SourceDate "2005.11.04"]
[SourceVersion "1"]
[SourceVersionDate "2005.11.04"]
[SourceQuality "1"]

1. Nf3 Nf6 2. d4 d5 3. c4 c6 4. cxd5 cxd5 5. Nc3 Nc6 6. Bf4 a6 7. e3 e6 8. Rc1 Be7 9. Bd3 0-0 10. Ne5 Nxe5 11. Bxe5 Nd7 12. Bg3 f5 13. 0-0 Nf6 14. Na4 Bd6 15. Bxd6 Qxd6 16. Qc2 Bd7 17. Qc5 Qxc5 18. Nxc5 Rab8 19. Rc3 Kf7 20. Rfc1 Ke7 21. Rb3 Rfc8 22. Rcc3 Bc6 23. g3 Kd6 24. Kg2 Nd7 25. Nxd7 Kxd7 26. h4 g6 27. Kf3 e5 28. Kg2 Ke6 29. Rb6 Ra8 30. a4 Kd6 31. a5 Rc7 32. Be2 Rac8 33. Bf3 Re8 34. dxe5+ Rxe5 35. Rd3 Rd7 36. Rd4 h5 37. Bd1 Re4 38. Rd2 Kc7 39. Bf3 Ra4 40. b4 Ra1 41. Rd4 1/2-1/2

[Event "Bratto op 25th"]
[Site "Bratto"]
[Date "2005.08.23"]
[Round "4"]
[White "Osuna Munoz, Xavier"]
[Black "Marzano, Carlo"]
[Result "1/2-1/2"]
[WhiteElo "2094"]
[BlackElo "2201"]
[PlyCount "110"]
[EventDate "2005.08.20"]
[EventType "swiss"]
[EventRounds "9"]
[EventCountry "ITA"]
[SourceTitle "CBM 108 Extra"]
[Source "ChessBase"]
[SourceDate "2005.11.04"]
[SourceVersion "1"]
[SourceVersionDate "2005.11.04"]
[SourceQuality "1"]

1. e4 Nc6 2. Nc3 Nf6 3. f4 d5 4. e5 d4 5. exf6 dxc3 6. bxc3 exf6 7. Nf3 Bd6 8. d4 0-0 9. Be2 b6 10. 0-0 Na5 11. Bd3 Re8 12. Nh4 Bb7 13. Nf5 Bf8 14. Qg4 g6 15. Ng3 Qd5 16. Qh3 Bg7 17. f5 c5 18. fxg6 fxg6 19. dxc5 Qxc5+ 20. Kh1 Qxc3 21. Bh6 Qc6 22. Bxg7 Kxg7 23. Rf2 Re5 24. Raf1 Rf8 25. Rf4 Qe6 26. Qh4 f5 27. Qg5 Kh8 28. Rh4 Qf6 29. Qh6 Qg7 30. Qg5 f4 31. Rhxf4 Rxg5 32. Rxf8+ Qxf8 33. Rxf8+ Kg7 34. Re8 h5 35. Ne4 Rg4 36. h3 Rf4 37. Nd6 Bd5 38. c4 Nxc4 39. Bxc4 Bxc4 40. Nxc4 Rxc4 41. Re7+ Kf6 42. Rxa7 Kg5 43. Ra6 Rb4 44. a4 Kf4 45. a5 bxa5 46. Rxa5 g5 47. Kh2 g4 48. hxg4 hxg4 49. Ra3 Rb2 50. Rc3 Rd2 51. Rc4+ Kg5 52. Rc8 Rd4 53. Rg8+ Kf4 54. Rf8+ Kg5 55. Rg8+ Kf4 1/2-1/2

[Event "Catalunya-ch"]
[Site "Barcelona"]
[Date "2005.03.21"]
[Round "2"]
[White "Rahal, Michael"]
[Black "Osuna Munoz, Xavier"]
[Result "1-0"]
[WhiteElo "2431"]
[BlackElo "2085"]
[PlyCount "73"]
[EventDate "2005.03.20"]
[EventType "swiss"]
[EventRounds "9"]
[EventCountry "ESP"]
[SourceTitle "EXT 2006"]
[Source "ChessBase"]
[SourceDate "2005.11.24"]
[SourceVersion "1"]
[SourceVersionDate "2005.11.24"]
[SourceQuality "1"]

1. e4 c5 2. Nf3 Nc6 3. Bb5 Nd4 4. Nxd4 cxd4 5. 0-0 g6 6. c3 Qb6 7. Qb3 Bg7 8. cxd4 Qxd4 9. Bc4 e6 10. Nc3 a6 11. a4 Ne7 12. d3 Nc6 13. a5 0-0 14. Be3 Qe5 15. Qb6 g5 16. Kh1 g4 17. f4 gxf3 18. Rxf3 Kh8 19. Rg3 f5 20. d4 Qf6 21. exf5 Qxf5 22. Rf3 Qh5 23. Be2 Rxf3 24. Bxf3 Qf7 25. d5 Ne5 26. Bh5 Ng6 27. d6 h6 28. Ne2 Qf5 29. Ng3 Qd3 30. Rd1 Qc2 31. Rc1 Qd3 32. Be2 Qd5 33. Qd8+ Kh7 34. Rxc8 Rxc8 35. Qxc8 Nh4 36. Qc2+ Kg8 37. Qe4 1-0

[Event "Fincas Mediterranea 1st"]
[Site "Castelldefels"]
[Date "2004.08.22"]
[Round "5"]
[White "Marina de la Torre, Ivan"]
[Black "Osuna Munoz, Xavier"]
[Result "0-1"]
[WhiteElo "1922"]
[BlackElo "2107"]
[PlyCount "78"]
[EventDate "2004.08.18"]
[EventType "swiss"]
[EventRounds "9"]
[EventCountry "ESP"]
[SourceTitle "EXT 2005"]
[Source "ChessBase"]
[SourceDate "2004.11.15"]
[SourceVersion "1"]
[SourceVersionDate "2004.11.15"]
[SourceQuality "1"]

1. e4 c5 2. Nf3 d6 3. d4 cxd4 4. Nxd4 Nf6 5. Nc3 a6 6. Be2 e5 7. Nb3 Be6 8. Bg5 Be7 9. Bxf6 Bxf6 10. Nd5 Bg5 11. h4 Bh6 12. g4 f6 13. Rh3 Nc6 14. c3 0-0 15. Rd3 Rc8 16. Ne3 Bxe3 17. fxe3 Qb6 18. Rxd6 Rcd8 19. Rd3 Rxd3 20. Bxd3 Qxe3+ 21. Qe2 Qg3+ 22. Kd2 Bxg4 23. Bc4+ Kh8 24. Qe1 Qg2+ 25. Kc1 Rd8 26. Bd5 Nb4 27. cxb4 Rc8+ 28. Nc5 b6 29. Bb7 Rd8 30. Bd5 bxc5 31. bxc5 f5 32. b3 fxe4 33. Qxe4 Qg1+ 34. Kb2 Qf2+ 35. Ka3 Qxc5+ 36. b4 Qc3+ 37. Bb3 Qxa1 38. Qxg4 a5 39. bxa5 Qc1+ 0-1

[Event "Bratto op 22nd"]
[Site "Bratto"]
[Date "2002.08.27"]
[Round "8"]
[White "Cugini, Verter"]
[Black "Osuna Munoz, Xavier"]
[Result "1-0"]
[WhiteElo "2231"]
[BlackElo "2113"]
[PlyCount "119"]
[EventDate "2002.08.20"]
[EventType "swiss"]
[EventRounds "9"]
[EventCountry "ITA"]
[SourceTitle "EXT 2003"]
[Source "ChessBase"]
[SourceDate "2002.11.25"]
[SourceVersion "1"]
[SourceVersionDate "2002.11.25"]
[SourceQuality "1"]

1. e4 c5 2. g3 g6 3. Bg2 Bg7 4. Ne2 Nc6 5. 0-0 d6 6. d3 Nf6 7. Nbc3 0-0 8. h3 Rb8 9. a4 a6 10. Bg5 b5 11. axb5 axb5 12. Qd2 b4 13. Nd5 Re8 14. Nxf6+ exf6 15. Bh6 Bh8 16. Nf4 Be6 17. Ra6 Ne5 18. Nxe6 fxe6 19. Be3 Qc7 20. f4 Nf7 21. Rfa1 e5 22. Qd1 Bg7 23. Qb1 Rb7 24. Qa2 Bf8 25. Qd5 Kg7 26. h4 Qd7 27. f5 Rc7 28. Rf1 Ra7 29. Rxa7 Qxa7 30. Bh3 Qa8 31. Qb3 Qa7 32. fxg6 hxg6 33. Be6 Nd8 34. Bd5 Qd7 35. Kg2 Be7 36. c3 bxc3 37. bxc3 Qg4 38. Qd1 Qd7 39. h5 g5 40. h6+ Kh7 41. Qh5 Rf8 42. Rh1 Ne6 43. Rb1 Nd8 44. Qf3 Rh8 45. Qh5 Rf8 46. Ra1 Qb5 47. Ra7 Qe8 48. Qh3 Kg6 49. h7 Kg7 50. Bg8 Kh8 51. Bd5 Kg7 52. Qc8 Kxh7 53. Qc7 f5 54. Qxe7+ Qxe7 55. Rxe7+ Kg6 56. exf5+ Kxf5 57. Rg7 Kf6 58. Rxg5 Nf7 59. Rh5 Kg6 60. Bxf7+ 1-0

[Event "Bratto op 22nd"]
[Site "Bratto"]
[Date "2002.08.26"]
[Round "7"]
[White "Osuna Munoz, Xavier"]
[Black "Pienabarca, Nicola"]
[Result "1-0"]
[WhiteElo "2113"]
[BlackElo "2062"]
[PlyCount "61"]
[EventDate "2002.08.20"]
[EventType "swiss"]
[EventRounds "9"]
[EventCountry "ITA"]
[SourceTitle "EXT 2003"]
[Source "ChessBase"]
[SourceDate "2002.11.25"]
[SourceVersion "1"]
[SourceVersionDate "2002.11.25"]
[SourceQuality "1"]

1. e4 e6 2. d3 g6 3. g3 c5 4. Bg2 Bg7 5. Nf3 Nc6 6. 0-0 Nge7 7. c3 d6 8. Re1 e5 9. Be3 0-0 10. d4 exd4 11. cxd4 Bg4 12. dxc5 Bxb2 13. Nbd2 dxc5 14. Rb1 Bc3 15. Qc2 Bxf3 16. Qxc3 Bxg2 17. Kxg2 Re8 18. Rxb7 Qc8 19. Reb1 Qe6 20. Bh6 Qe5 21. Qxe5 Nxe5 22. Rc1 Rac8 23. Nc4 Nd3 24. Rc3 Rcd8 25. Bg5 Kf8 26. e5 Nd5 27. Bh6+ Kg8 28. Rxd3 Nf4+ 29. gxf4 Rxd3 30. Nd6 Ra8 31. Ne4 1-0

[Event "Bratto op 22nd"]
[Site "Bratto"]
[Date "2002.08.24"]
[Round "5"]
[White "Osuna Munoz, Xavier"]
[Black "Mantovani, Renzo"]
[Result "0-1"]
[WhiteElo "2113"]
[BlackElo "2369"]
[PlyCount "110"]
[EventDate "2002.08.20"]
[EventType "swiss"]
[EventRounds "9"]
[EventCountry "ITA"]
[SourceTitle "EXT 2003"]
[Source "ChessBase"]
[SourceDate "2002.11.25"]
[SourceVersion "1"]
[SourceVersionDate "2002.11.25"]
[SourceQuality "1"]

1. e4 c5 2. Nc3 Nc6 3. g3 g6 4. Bg2 Bg7 5. f4 Rb8 6. a4 a6 7. Nf3 b5 8. axb5 axb5 9. d3 d6 10. 0-0 Nf6 11. h3 0-0 12. Be3 Bd7 13. g4 Ne8 14. Rb1 f5 15. gxf5 gxf5 16. exf5 Bxf5 17. Ne4 Nc7 18. Ng3 Bg6 19. Nh4 Be8 20. Nh5 Bh6 21. Kh1 Kh8 22. Be4 e5 23. Nf5 Rxf5 24. Bxf5 Qh4 25. Nf6 Qxf6 26. fxe5 Nxe5 27. Bxh6 Qxh6 28. d4 Bh5 29. Qe1 cxd4 30. Qe4 Bg6 31. Kh2 Ne6 32. Bxg6 hxg6 33. Rf6 Ng5 34. Qg2 Nxh3 35. Qxh3 Ng4+ 36. Kg3 Qxh3+ 37. Kxh3 Nxf6 38. Rd1 Kg7 39. Rxd4 d5 40. c3 g5 41. Rb4 Kg6 42. Kg2 Kf5 43. b3 Rc8 44. Rxb5 Rxc3 45. b4 g4 46. Rb8 Rb3 47. b5 Rb2+ 48. Kf1 g3 49. b6 Kf4 50. Rf8 Rxb6 51. Kg2 Rb2+ 52. Kh1 Kf5 53. Rf7 d4 54. Rg7 Nh5 55. Rf7+ Kg4 0-1

[Event "Bratto op 21st"]
[Site "Bratto"]
[Date "2001.08.26"]
[Round "5"]
[White "Osuna Munoz, Xavier"]
[Black "Lapiccirella, Mattia"]
[Result "0-1"]
[WhiteElo "2109"]
[BlackElo "2146"]
[PlyCount "74"]
[EventDate "2001.08.22"]
[EventType "swiss"]
[EventRounds "9"]
[EventCountry "ITA"]
[SourceTitle "EXT 2002"]
[Source "ChessBase"]
[SourceDate "2001.11.25"]
[SourceVersion "1"]
[SourceVersionDate "2001.11.25"]
[SourceQuality "1"]

1. e4 c5 2. Bc4 Nc6 3. Nf3 e6 4. Nc3 a6 5. a4 Qc7 6. 0-0 Nf6 7. d3 Be7 8. h3 d6 9. Be3 0-0 10. Nh2 Rd8 11. Ng4 Nb4 12. Bf4 Nxg4 13. hxg4 b6 14. Bb3 Rb8 15. Na2 Nc6 16. c3 b5 17. Rb1 Na5 18. Bc2 e5 19. Bd2 Be6 20. Nc1 c4 21. b4 cxb3 22. Nxb3 bxa4 23. Nxa5 Rxb1 24. Bxb1 Qxa5 25. c4 Qb6 26. Qxa4 Qb2 27. Be3 Bxg4 28. Qxa6 h5 29. Qa7 Bf6 30. Bb6 Rd7 31. Qb8+ Kh7 32. Bc7 Qa3 33. d4 Be2 34. Re1 Bxc4 35. Kh1 Qc3 36. Rd1 Be2 37. Rg1 Rxc7 0-1

[Event "Barcelona Sants op 03rd"]
[Site "Barcelona"]
[Date "2001.??.??"]
[Round "?"]
[White "Avila Jimenez, Xavier"]
[Black "Osuna Munoz, Xavier"]
[Result "0-1"]
[WhiteElo "2226"]
[BlackElo "2109"]
[PlyCount "90"]
[EventDate "2001.08.??"]
[EventType "swiss"]
[EventRounds "9"]
[EventCountry "ESP"]
[SourceTitle "EXT 2005"]
[Source "ChessBase"]
[SourceDate "2004.11.15"]
[SourceVersion "1"]
[SourceVersionDate "2004.11.15"]
[SourceQuality "1"]

1. d4 Nf6 2. c4 d6 3. Nc3 Nbd7 4. e4 e5 5. Nf3 Be7 6. Bd3 0-0 7. h3 c6 8. Be3 Qc7 9. 0-0 Re8 10. Qc2 Nf8 11. b4 Ng6 12. Rfd1 Nh5 13. Bf1 Bd7 14. a4 Rf8 15. dxe5 dxe5 16. c5 Nhf4 17. Nd2 Be6 18. Nc4 f5 19. Nd6 fxe4 20. Qxe4 Rad8 21. Bc4 Bxd6 22. cxd6 Qd7 23. Kh2 Kh8 24. Bxe6 Qxe6 25. Bxa7 Rf5 26. Ra3 Rg5 27. Rg1 Rxd6 28. Ne2 Nxe2 29. Qxe2 Nf4 30. Qe4 Rh5 31. b5 g5 32. bxc6 Rxc6 33. Rd1 Kg7 34. Bb8 g4 35. Rg3 Kf6 36. Qb4 gxh3 37. Qf8+ Qf7 38. Qh8+ Ke6 39. gxh3 Nxh3 40. Rd6+ Rxd6 41. Qc8+ Rd7 42. Qc4+ Ke7 43. Qxf7+ Kxf7 44. Rxh3 Rxh3+ 45. Kxh3 Ke6 0-1

[Event "Castelldefels-A"]
[Site "Castelldefels"]
[Date "2001.??.??"]
[Round "4"]
[White "Osuna Munoz, Xavier"]
[Black "Abad Sanmartin, Jorge"]
[Result "1-0"]
[WhiteElo "2135"]
[BlackElo "2195"]
[PlyCount "117"]
[EventDate "2001.05.??"]
[EventType "tourn"]
[EventRounds "9"]
[EventCountry "ESP"]
[SourceTitle "EXT 2002"]
[Source "ChessBase"]
[SourceDate "2001.11.25"]
[SourceVersion "1"]
[SourceVersionDate "2001.11.25"]
[SourceQuality "1"]

1. e4 c6 2. d4 d5 3. exd5 cxd5 4. Bd3 Nc6 5. c3 Nf6 6. Bf4 Bg4 7. Qb3 Qd7 8. Nd2 e6 9. Ngf3 Bxf3 10. Nxf3 Bd6 11. Bxd6 Qxd6 12. Qxb7 Rb8 13. Qa6 0-0 14. Bb5 Rb6 15. Qa4 Rfb8 16. Bxc6 Qxc6 17. Qxc6 Rxc6 18. Ne5 Rc7 19. Nd3 Ne4 20. f3 Nd6 21. Ke2 a5 22. Rhc1 Nc4 23. b3 Nd6 24. Nc5 Rc6 25. Kd3 Rbc8 26. Re1 R8c7 27. Rab1 Ra7 28. Re2 Rb6 29. a4 Rc7 30. Rbb2 g6 31. c4 Nb7 32. Nxb7 Rcxb7 33. Kc3 Rb4 34. cxd5 exd5 35. Re8+ Kg7 36. Rd8 Rc7+ 37. Kd3 Rcb7 38. Rxd5 Rxa4 39. bxa4 Rxb2 40. Rxa5 Rxg2 41. Ra8 Rxh2 42. d5 Kf6 43. Re8 Rb2 44. Kc3 Rb6 45. Kc4 h5 46. Kc5 Ra6 47. d6 Ra5+ 48. Kc6 Ra6+ 49. Kc7 Ra7+ 50. Kb6 Rxa4 51. d7 Rd4 52. d8Q+ Rxd8 53. Rxd8 Kf5 54. Rf8 Kf4 55. Rxf7+ Kg3 56. Kc5 h4 57. Kd4 h3 58. Ke3 h2 59. Rg7 1-0

[Event "Castelldefels-A"]
[Site "Castelldefels"]
[Date "2001.??.??"]
[Round "2"]
[White "Osuna Munoz, Xavier"]
[Black "Gurrutxaga Telleria, Jose Luis"]
[Result "1/2-1/2"]
[WhiteElo "2135"]
[BlackElo "2050"]
[PlyCount "50"]
[EventDate "2001.05.??"]
[EventType "tourn"]
[EventRounds "9"]
[EventCountry "ESP"]
[SourceTitle "EXT 2002"]
[Source "ChessBase"]
[SourceDate "2001.11.25"]
[SourceVersion "1"]
[SourceVersionDate "2001.11.25"]
[SourceQuality "1"]

1. e4 d5 2. exd5 Nf6 3. d4 Bg4 4. f3 Bf5 5. c4 e6 6. Bd3 Bxd3 7. Qxd3 exd5 8. c5 Nc6 9. Ne2 Be7 10. Bd2 0-0 11. 0-0 Nd7 12. Kh1 Re8 13. Na3 Bf6 14. Nc2 a5 15. Nf4 Nf8 16. Rae1 Ne6 17. Nxe6 fxe6 18. f4 Re7 19. Re3 Qf8 20. f5 Rae8 21. fxe6 Rxe6 22. Qf5 Nxd4 23. Qxd5 Qf7 24. Rxe6 Qxe6 25. Qxe6+ Nxe6 1/2-1/2

[Event "Bratto op 19th"]
[Site "Bratto"]
[Date "1999.??.??"]
[Round "1"]
[White "Osuna Munoz, Xavier"]
[Black "Quinn, Mark"]
[Result "0-1"]
[WhiteElo "2096"]
[BlackElo "2346"]
[PlyCount "58"]
[EventDate "1999.??.??"]
[EventType "swiss"]
[EventRounds "9"]
[EventCountry "ITA"]
[SourceTitle "EXT 2000"]
[Source "ChessBase"]
[SourceDate "1999.11.16"]
[SourceVersion "1"]
[SourceVersionDate "1999.11.16"]
[SourceQuality "1"]

1. e4 c5 2. Nc3 Nc6 3. f4 g6 4. Nf3 Bg7 5. Bc4 e6 6. 0-0 Nge7 7. a4 d5 8. Bb5 0-0 9. Re1 dxe4 10. Nxe4 b6 11. Ra3 Qc7 12. g3 Bb7 13. Bf1 Rad8 14. Bg2 Nf5 15. c3 c4 16. b3 cxb3 17. Rxb3 Na5 18. Rb5 Bxe4 19. Rxe4 Nd6 20. Qe2 Nxe4 21. Qxe4 Nc4 22. Rb1 Rfe8 23. d4 Nd6 24. Qe3 Rc8 25. Rb3 Nf5 26. Qd2 Qc4 27. Ra3 Nxd4 28. Ne5 Bxe5 29. fxe5 Ne2+ 0-1

[Event "Bratto op 19th"]
[Site "Bratto"]
[Date "1999.??.??"]
[Round "3"]
[White "Ranieri, Fabrizio"]
[Black "Osuna Munoz, Xavier"]
[Result "1-0"]
[WhiteElo "2166"]
[BlackElo "2096"]
[PlyCount "73"]
[EventDate "1999.??.??"]
[EventType "swiss"]
[EventRounds "9"]
[EventCountry "ITA"]
[SourceTitle "EXT 2000"]
[Source "ChessBase"]
[SourceDate "1999.11.16"]
[SourceVersion "1"]
[SourceVersionDate "1999.11.16"]
[SourceQuality "1"]

1. e4 d5 2. exd5 Nf6 3. Nf3 Nxd5 4. d4 Bf5 5. Bd3 Bxd3 6. Qxd3 e6 7. 0-0 c6 8. c4 Nf6 9. Qb3 Qc7 10. Nc3 Nbd7 11. Re1 Be7 12. Bg5 0-0 13. d5 Nc5 14. Qc2 a5 15. Rad1 Rfd8 16. Rd2 Rac8 17. Bh4 cxd5 18. cxd5 Nce4 19. Rxe4 Nxe4 20. Qxe4 Bxh4 21. Qxh4 exd5 22. h3 Qc5 23. Rd4 b5 24. a3 f6 25. Qg4 Rc7 26. Nxd5 Rcc8 27. Nxf6+ Kh8 28. Nh5 Qc1+ 29. Kh2 Qc7+ 30. g3 Rxd4 31. Nxd4 g6 32. Nf4 Re8 33. Qh4 Qd6 34. Nf3 Qb6 35. Kg2 Rf8 36. Ng5 h5 37. Nge6 1-0

[Event "Manresa op"]
[Site "Manresa"]
[Date "1997.??.??"]
[Round "4"]
[White "Osuna Munoz, Xavier"]
[Black "Vidarte Morales, Arturo"]
[Result "0-1"]
[WhiteElo "2120"]
[BlackElo "2370"]
[PlyCount "68"]
[EventDate "1997.??.??"]
[EventType "swiss"]
[EventRounds "9"]
[EventCountry "ESP"]
[SourceTitle "EXT 2000"]
[Source "ChessBase"]
[SourceDate "1999.11.16"]
[SourceVersion "1"]
[SourceVersionDate "1999.11.16"]
[SourceQuality "1"]

1. e4 c5 2. Nf3 e6 3. Nc3 a6 4. d4 cxd4 5. Nxd4 Qc7 6. Bd3 b5 7. 0-0 Bb7 8. Kh1 Nf6 9. Qe2 d6 10. f4 Nbd7 11. Bd2 g6 12. Rae1 e5 13. fxe5 dxe5 14. Ndxb5 axb5 15. Nxb5 Qc6 16. a3 Be7 17. Bb4 Bxb4 18. axb4 0-0 19. Nc3 Qd6 20. b5 Nh5 21. Nd5 Rad8 22. c4 Kg7 23. Rf3 Nc5 24. Bc2 Ne6 25. Rc3 Rfe8 26. Qg4 Nhf4 27. h4 Bxd5 28. exd5 Nd4 29. g3 Nh5 30. Qg5 Nxc2 31. Rxc2 f5 32. Rd1 e4 33. Kg2 e3 34. c5 Qe5 0-1